| 000 | 01129nam a22002297a 4500 | ||
|---|---|---|---|
| 999 |
_c60084 _d60084 |
||
| 005 | 20230605175550.0 | ||
| 008 | 230605s2018 ge ||||| |||| 00| 0 eng d | ||
| 020 | _a9788378931591 | ||
| 041 | _aeng | ||
| 080 | _a75.071.1(479.22)(კაკაბაძე, დ.)(084.1) K-46 | ||
| 100 |
_aKintsurashvili, Ketevan _918283 |
||
| 245 |
_aDavid Kakabadzé : _bthe soviet period / _cKetevan Kintsurashvili & David Janiashvili ; photo-reproductions Mirian Kiladze. |
||
| 264 |
_aWojnowice : _bKEW, _c2018. |
||
| 300 |
_a46 p. : _b ill. ; _c21 cm |
||
| 653 | _aკაკაბაძე, დავით, 1889-1952 -- ილუსტრაციების ალბომები. | ||
| 653 | _aქართული მხატვრობა -- ილუსტრაციების ალბომები | ||
| 653 | _aქართველი მხატვრები. | ||
| 700 |
_aKakabadze, David _eმხატვარი _918507 |
||
| 700 |
_aJaniashvili, David _eდიზაინერი _918284 |
||
| 700 |
_aKiladze, Mirian _eფოტო-რეპროდუქციები _918285 |
||
| 942 |
_2udc _cBK |
||